<?xml version="1.0" encoding="UTF-8"?>
<record
    xmlns:xsi="http://www.w3.org/2001/XMLSchema-instance"
    xsi:schemaLocation="http://www.loc.gov/MARC21/slim http://www.loc.gov/standards/marcxml/schema/MARC21slim.xsd"
    xmlns="http://www.loc.gov/MARC21/slim">

  <leader>01286nam a22002537a 4500</leader>
  <controlfield tag="005">20231201143414.0</controlfield>
  <controlfield tag="008">231201b           ||||| |||| 00| 0 eng d</controlfield>
  <datafield tag="040" ind1=" " ind2=" ">
    <subfield code="c">AL</subfield>
  </datafield>
  <datafield tag="041" ind1=" " ind2=" ">
    <subfield code="a">kan</subfield>
  </datafield>
  <datafield tag="082" ind1=" " ind2=" ">
    <subfield code="2">23</subfield>
    <subfield code="a">155.5K</subfield>
    <subfield code="b">NEIS</subfield>
  </datafield>
  <datafield tag="100" ind1=" " ind2=" ">
    <subfield code="a">Neil A S: &#xCA8;&#xCC0;&#xCB2;&#xCCD; &#xC8E; &#xC8E;&#xCB8;&#xCCD; </subfield>
    <subfield code="9">143943</subfield>
  </datafield>
  <datafield tag="245" ind1=" " ind2=" ">
    <subfield code="a">Summer Hill: Shishupalaneya Mulabhuta Chintanegalu: </subfield>
    <subfield code="b">&#xCB8;&#xCAE;&#xCB0;&#xCCD; &#xCB9;&#xCBF;&#xCB2;&#xCCD;: &#xCB6;&#xCBF;&#xCB6;&#xCC1;&#xCAA;&#xCBE;&#xCB2;&#xCA8;&#xCC6;&#xCAF; &#xCAE;&#xCC2;&#xCB2;&#xCAD;&#xCC2;&#xCA4; &#xC9A;&#xCBF;&#xC82;&#xCA4;&#xCA8;&#xCC6;&#xC97;&#xCB3;&#xCC1; </subfield>
  </datafield>
  <datafield tag="260" ind1=" " ind2=" ">
    <subfield code="a">Mangalore</subfield>
    <subfield code="b">Prasaranga Mangalore University</subfield>
    <subfield code="c">2016</subfield>
  </datafield>
  <datafield tag="300" ind1=" " ind2=" ">
    <subfield code="a">xvi,300p.</subfield>
    <subfield code="b">PB</subfield>
    <subfield code="c">21x14cm.</subfield>
  </datafield>
  <datafield tag="365" ind1=" " ind2=" ">
    <subfield code="2">Kannada</subfield>
    <subfield code="a">063-65</subfield>
    <subfield code="b">138.00</subfield>
    <subfield code="c">&#x20B9;</subfield>
    <subfield code="d">275.00</subfield>
    <subfield code="e">50%</subfield>
    <subfield code="f">23-11-2023</subfield>
  </datafield>
  <datafield tag="440" ind1=" " ind2=" ">
    <subfield code="a">Prasaranga Rajata Granthasarani: &#xCAA;&#xCCD;&#xCB0;&#xCB8;&#xCBE;&#xCB0;&#xCBE;&#xC82;&#xC97; &#xCB0;&#xC9C;&#xCA4; &#xC97;&#xCCD;&#xCB0;&#xC82;&#xCA5;&#xCB8;&#xCB0;&#xCA3;&#xCBF;</subfield>
    <subfield code="9">143944</subfield>
  </datafield>
  <datafield tag="650" ind1=" " ind2=" ">
    <subfield code="a">Dharma mattu Neeti: &#xCA7;&#xCB0;&#xCCD;&#xCAE; &#xCAE;&#xCA4;&#xCCD;&#xCA4;&#xCC1; &#xCA8;&#xCC0;&#xCA4;&#xCBF; </subfield>
    <subfield code="9">143925</subfield>
  </datafield>
  <datafield tag="650" ind1=" " ind2=" ">
    <subfield code="a">Makkala Samasyegalu: &#xCAE;&#xC95;&#xCCD;&#xC95;&#xCB3; &#xCB8;&#xCAE;&#xCB8;&#xCCD;&#xCAF;&#xCC6;&#xC97;&#xCB3;&#xCC1; </subfield>
    <subfield code="9">143926</subfield>
  </datafield>
  <datafield tag="650" ind1=" " ind2=" ">
    <subfield code="a">Palakara Samsyegalu: &#xCAA;&#xCBE;&#xCB2;&#xC95;&#xCB0; &#xCB8;&#xCAE;&#xCB8;&#xCCD;&#xCAF;&#xCC6;&#xC97;&#xCB3;&#xCC1; </subfield>
    <subfield code="9">143927</subfield>
  </datafield>
  <datafield tag="650" ind1=" " ind2=" ">
    <subfield code="a">Laingeeka Pravratti: &#xCB2;&#xCC8;&#xC82;&#xC97;&#xCBF;&#xC95; &#xCAA;&#xCCD;&#xCB0;&#xCB5;&#xCC3;&#xCA4;&#xCCD;&#xCA4;&#xCBF; </subfield>
    <subfield code="9">143928</subfield>
  </datafield>
  <datafield tag="700" ind1=" " ind2=" ">
    <subfield code="a">NEIL (A S): &#xCA8;&#xCC0;&#xCB2;&#xCCD; (&#xC8E; &#xC8E;&#xCB8;&#xCCD;) </subfield>
    <subfield code="9">143929</subfield>
  </datafield>
  <datafield tag="700" ind1=" " ind2=" ">
    <subfield code="a">GOWDA (Sukumara N): &#xC97;&#xCCC;&#xCA1; &#xCB8;&#xCC1;&#xC95;&#xCC1;&#xCAE;&#xCBE;&#xCB0; &#xC8E;&#xCA8;&#xCCD; Tr</subfield>
    <subfield code="9">143941</subfield>
  </datafield>
  <datafield tag="942" ind1=" " ind2=" ">
    <subfield code="2">ddc</subfield>
    <subfield code="c">BK</subfield>
  </datafield>
  <datafield tag="999" ind1=" " ind2=" ">
    <subfield code="c">229345</subfield>
    <subfield code="d">229345</subfield>
  </datafield>
  <datafield tag="952" ind1=" " ind2=" ">
    <subfield code="0">0</subfield>
    <subfield code="1">0</subfield>
    <subfield code="2">ddc</subfield>
    <subfield code="4">0</subfield>
    <subfield code="7">0</subfield>
    <subfield code="8">KAN</subfield>
    <subfield code="a">AL</subfield>
    <subfield code="b">AL</subfield>
    <subfield code="d">2023-11-24</subfield>
    <subfield code="e">Prasaranga Mangalore University</subfield>
    <subfield code="g">137.50</subfield>
    <subfield code="l">3</subfield>
    <subfield code="o">155.5K NEIS</subfield>
    <subfield code="p">076954</subfield>
    <subfield code="r">2025-02-27 00:00:00</subfield>
    <subfield code="s">2025-02-27</subfield>
    <subfield code="v">275.00</subfield>
    <subfield code="w">2023-12-01</subfield>
    <subfield code="y">BK</subfield>
  </datafield>
</record>
